| 000 | 01923nam0a2200373 4500 | ||
|---|---|---|---|
| 001 | RU\NLR\BIBL_A\012709808 | ||
| 005 | 20221123140502.0 | ||
| 010 |
_a978-5-7829-0578-1 _9500 |
||
| 021 |
_aRU _bКН-П-21-067669 _9КН-П-21-5351 |
||
| 035 | _a(NLR Aleph) 012709808 | ||
| 035 | _a(RuMoRGB)010822920 | ||
| 090 |
_a12906430 _c12906430 |
||
| 100 | _a20220217d2020 k y0rusy50 ca | ||
| 101 | 0 | _arus | |
| 102 | _aRU | ||
| 105 | _aa z 000zy | ||
| 181 | 0 |
_ai _baxxe |
|
| 182 | 0 | _an | |
| 200 | 1 |
_aСтандарты строительства объектов малоэтажного строительства и внедрение системы сертификации в девелопмент индивидуального жилья _eмонография _fИ. Ф. Гареев _gМинистерство науки и высшего образования Российской Федерации, Казанский государственный архитектурно-строительный университет |
|
| 203 |
_aТекст _bвизуальный _cнепосредственный |
||
| 210 |
_aКазань _cИзд-во КазГАСУ _d2020 _eКазань |
||
| 215 |
_a187, [1] с. _cил., табл. _d21 |
||
| 320 | _aБиблиогр. в конце кн. (159 назв.) | ||
| 606 | 1 |
_aМалоэтажные здания _xСтроительство _92340163 _3RU\NLR\AUTH\661398862 |
|
| 606 | 1 |
_aЖилые дома индивидуальные _xСтроительство _92088497 _3RU\NLR\AUTH\661264327 |
|
| 686 | 1 | _aН702.1 | |
| 686 | 1 | _aН711.1 | |
| 686 | 1 | _aУ31(2)544.12-384(2Р-6Т) | |
| 700 | 1 |
_7ca _8rus _aГареев _bИ. Ф. _cканд. экон. наук _gИльнур Фаилович _9158279 _3RU\NLR\AUTH\770158320 |
|
| 942 | _cBOOK | ||
| 980 | _aNBR | ||
| 980 | _aNB | ||